000 00700nam a22002057a 4500
999 _c3760
_d3760
008 160808b xxu||||| |||| 00| 0 eng d
020 _a978-0-07-312824-5
082 _22007
_aDC 657.45
_bL92a
100 _912514
_aLouwers, Timothy J.
245 _aAuditing & assurance services/
_cTimothy J. Louwers [and 3 others].
260 _aBoston:
_bMcGraw-Hill,
_cc2007.
300 _axi,841 pages:
_billustrations;
_c28 cm.
500 _aIncludes index.
650 0 _912515
_aAuditing
700 _912516
_aLouwers, Timothy J.
_eAuthor
700 _912517
_aRamsay, Robert J.
_eAuthor
700 _912518
_aSinason, David H.
_eAuthor
700 _912519
_aStrawser, Jerry R.
_eAuthor
942 _2ddc
_cDC